00972nam a22001697a 4500008004100000020001500041050001900056100002400075245006800099260003400167300004500201500002000246505042900266650004800695650003700743700002200780121101t xxu||||| |||| 00| 0 eng d a0072472340 aZ52.5.M52 O454 aO'Leary, Timothy J. aMicrosoft word 2002. /cTimothy J. O'Leary and Linda I. O'Leary aBoston:bMcGraw Hill,cc2002. axxviii, + various pagings:bill.;c27cm. aIncludes index. aContents: Introduction to microsoft office XP: What is office XP? -- Common office XP features -- Overview of word 2002 -- Creating and editing a document -- Revising and refining a document -- Creating reports and tables -- Working together: word and your web browser -- Creating a newsletter -- Creating complex tables and merging documents -- Creating a web site -- Working together 2: linking and document collaboration. bMicrosoft FrontPage. xWeb sites xDesign.  aWeb sitesx Authoring programs.  aO,Leary, Linda I.